00972ntm a2200229 a 450000100060000000300080000600500170001400800410003103500190007204000350009104100080012608200310013410000230016524501850018826000710037330000400044450200770048450400340056165000430059565000600063870000440069821310BD-RjUL20211209000654.0140304s2012 bg a|||| m|b| 00| 0 eng d a(BD-RjUL)21374 aBD-RjULbengcBD-RjULdBD-RjUL aeng 221a636.50954924bALS 2012 aAlam, Md. Bashirul 6Research Supervisor: M. Zainul AbedinaSocio-Economic impact of Commercial Poultry Farming in Bangladesh :ba study on selected areas of Rajshahi District /cby Md. Bashirul Alam. aRajshahi:bInstitute of Bangladesh, University of Rajshahi,c2012. axxxix, 273 leaves :bIll. ;c29 cm. aThesis (Ph. D. ) -- Institute of Bangladesh, University of Rajshahi,2012 aBibliography : leaves 244-254 aPoultryzBangladeshzRajshahi District aPoultryvEconomic aspectzBangladeshzRajshahi District a Abedin, M. Zainul, Research Supervisor